大手私鉄別 文字数の多い駅名TOP3 - Statistics

General Stats
  • This quiz has been taken 235 times
    151 since last reset
  • The average score is 19 of 66
Answer Stats
Hint Answer % Correct
19 羽田空港第1・第2ターミナル
63%
15 南町田グランベリーパーク
62%
16 羽田空港第3ターミナル
62%
11 小田急多摩センター
58%
12 東武ワールドスクウェア
54%
11 羽沢横浜国大
52%
10 小田急相模原
46%
11 西武球場前
45%
13 府中競馬正門前
45%
11 成城学園前
44%
9 中央林間
44%
11 雲雀丘花屋敷
43%
14 尼崎センタープール前
42%
12 京急東神奈川
39%
8 南万騎が原
37%
11 京王よみうりランド
36%
10 向ヶ丘遊園
36%
10 西武園ゆうえんち
35%
11 新宿三丁目
35%
10 林間田園都市
35%
10 石橋阪大前
34%
12 京成幕張本郷
33%
10 東海大学前
33%
8 いずみ中央
32%
14 鳴尾・武庫川女子大前
31%
13 千葉ニュータウン中央
30%
12 平山城址公園
30%
14 天神橋筋六丁目
30%
8 岸里玉出
29%
10 玉川学園前
28%
10 西山天王山
28%
10 六会日大前
27%
8 和泉中央
27%
12 板倉東洋大前
26%
11 榊原温泉口
26%
13 龍谷大前深草
26%
11 六本木一丁目
25%
9 武庫川団地前
25%
10 船橋競馬場
24%
10 堀切菖蒲園
24%
11 松陰神社前
24%
9 大崎広小路
24%
11 学研奈良登美ヶ丘
24%
11 新宿御苑前
23%
12 橿原神宮西口
23%
10 和歌山大学前
23%
12 流山おおたかの森
22%
8 大阪狭山市
22%
12 西鉄福岡(天神)
22%
9 西鉄二日市
20%
14 中京競馬場前
19%
13 大阪教育大前
19%
11 ファミリー公園前
19%
10 宝塚南口
15%
15 蒲郡競艇場前
14%
8 西天下茶屋
12%
8 萩原天神
12%
8 浜寺公園
12%
15 大森・金城学院前
11%
8 三日市町
10%
12 聖マリア病院前
10%
8 住吉大社
9%
8 鳥取ノ荘
9%
10 競艇場前
8%
12 ケーブル八幡宮口
7%
15 ケーブル八幡宮山上
6%
No matching quizzes found
Score Distribution
Percent of People with Each Score
Percentile by Number Answered
Your Score History
You have not taken this quiz since the last reset